000 03870cam a22005054i 4500
003 PE-LiUPU
005 20250731173109.0
008 111218s2018 xxu0 rb 001 0 eng d
020 _a9780664263928
035 _a(Sirsi) a251022
040 _aPE-LiUPU
_bspa
_cPE-LiUPU
_erda
049 _aPRUA
082 0 4 _a253.09173
_bU7
_223
245 0 0 _aUrban ministry reconsidered :
_bcontexts and approaches /
_ceditores R. Drew Smith, Stephanie C. Boddie, and Ronald E. Peters.
250 _aFirst edition.
264 1 _aLouisville :
_bWestminster John Knox Press,
_c2018.
300 _aviii, 302 páginas ;
_c23 centímetros
336 _atext
_2rdacontent
337 _aunmediated
_2rdamedia
338 _avolume
_2rdacarrier
504 _aÍndice : páginas 277-302.
505 0 _aUrban conceptual worldviews -- Urban conceptualizing in historical perspective -- The new urbanism and its challenge to the church -- The city's grace -- Toward a missiological turn in urban ministry -- Urban ministry as the new frontier? -- Urban ministry as incarnational -- Religion and race in urban spaces across Africa and the diaspora -- Wholeness and human flourishing as guideposts for urban ministry -- Urban community formation Low-income residents and religious in-betweenness in the United States of America and South Africa -- Racial equity and faith-based organizing at Community Renewal Society -- Ferguson lessons about church solidarity with communities of struggle -- Listening, undergirding, and cross-sector community building -- Internal dimensions of church connectedness to community -- Prison ministry with women and girls of African descent Angelique Walker-Smith -- Christian community responses to African immigrants in the United States -- Theological professionals, the community, and overcoming the disconnection -- Theological pedagogies and urban change-making in an African city -- Urban social policy -- Church pursuits of economic justice, public health, and racial equity -- The Accra Confession and theological reflections on urban economic justice -- School voucher programs and Black clergy responses in two cities -- Creating an oasis food ecosystem in a post-"faith-based initiatives" environment -- One congregation's ministry to immigrants -- Gun violence and African American churches -- Theological listening and learning in an HIV/AIDS world -- Public leadership and African churches in the United Kingdom -- Urban ministry adaptations -- Neighborhood and congregational renewal through community organizing and development -- Discernment, attentiveness, and church planting in urban communities -- Ministry, diversity, and community on an urban university campus -- Prison ministries, voluntarism, and relational culture -- Martin Luther King Jr.'s speeches and the urban -digital context -- Approaches to ministry in an African prophetic church in France -- Ministry to Ugandan youth affected by war and conflict.
526 _aSEG42
526 _aSEG41
526 _aSEG40
526 _aSEG39
526 _aP94
526 _aP87
526 _aP86
526 _aP85
526 _aP77
526 _aP76
526 _aP35
650 0 7 _aCiudades y pueblos
_xAspectos religiosos
_xcristianismo
_2fast
_0(OCoLC).
650 0 7 _aIglesias de la ciudad
_2fast
_0(OCoLC)fst00862116.
700 1 _aSmith, R. Drew,
_eeditor.
700 1 _aBoddie, Stephanie C.,
_eeditor.
700 1 _aPeters, Ronald Edward,
_eeditor.
910 _adbm
_bksl
_cksl
_d20181211
942 _2ddc
_cBOOK
994 _aC0
_bPEPRU
596 _a1
999 _a253.09173 U7
_wDEWEY
_c30477
_i79580
_f2021-11-10
_g4
_lCCODEBUL1
_mBUL
_p20.00
_r0
_sY
_tBOOK
_u2018-12-11
_xTEOLOGIA
_PP85
_0DONACION
_1FCOMPR2
_o.STAFF. Colección Teología
_d30477
980 _81
_gALBERTO SANCHEZ Responsable de Automatización